000 00696cam a2200229 4500
001 WB3610-01
008 000000n2000 000 0 eng u
035 _a(Sirsi) u104565
245 _aLandowners in the clear
260 _c2000
490 _aDaily Telegraph
_v3 March 2000, 9(1)
520 _aGovernment has announced that landowners will not face legal action if walkers injure themselves whilst using their 'right to roam' .
590 _aWB
650 _aLANDOWNERS
650 _aRAMBLERS
650 _aRIGHT TO ROAM
650 _aACCESS TO THE COUNTRYSIDE
650 _aOCCUPIERS' LIABILITY
650 _aCOUNTRYSIDE BILL
690 _aBoundary disputes
_96221
942 _n0
999 _c62749
_d62749